| 000 | 00342nam a22000977a 4500 | ||
|---|---|---|---|
| 008 | 190318b xxu||||| |||| 00| 0 eng d | ||
| 010 | _aHCCSF98B | ||
| 245 | _aHIGH COURT CIVIL SUIT NO.136 OF 2011 GRACE MANJERI NAFULA VS BRIG. GEN. ELLY KAJANJA | ||
| 260 |
_aHIGH COURT KAMPALA _c2011 |
||
| 500 | _3BEFORE: HON. MR. JUSTICE BASHAIJA K. ANDREW JUDGMENT | ||
| 999 |
_c8582 _d8582 |
||